000 00901nam a2200265 i 4500
001 5946
003 ES-MaACL
005 20230906144738.0
008 890616s1988 sp ||||1| spa d
020 _a84-7658-106-8
080 _a396.5:61(46)"18"
080 _a61(46)"18":396.5
100 1 _aAlvarez Ricart, María del Carmen.
_920932
245 1 3 _aLa mujer como profesional de la medicina en la España del siglo XIX /
_cMª del Carmen Álvarez Ricart ; prólogo de J.Mª López Piñero.
250 _a1ª ed.
260 _aBarcelona :
_bAnthropos,
_c1988.
300 _a235 p. ;
_c20 cm.
490 1 _aHistoria, ideas y textos ;
_v16
504 _aBibliografía: p. 215-234.
650 1 4 _aMédicas-
_zEspaña-
_yS.XIX.
_914890
700 1 _aLópez Piñero, José María.
_973895
830 1 _aHistoria, ideas y textos ;
_v16
_9177280
852 _aES-MaACL
_jL-13030
999 _c5946
_d5946